[Event "SVK-chT2C 0809"]
[Site "Slovakia"]
[Date "2008.10.12"]
[Round "2.1"]
[White "Feco, Jan"]
[Black "Huba, Milan"]
[Result "1-0"]
[WhiteElo "1993"]
[BlackElo "1882"]
[PlyCount "57"]
[EventDate "2008.10.11"]
[EventType "team-tourn"]
[EventRounds "11"]
[EventCountry "SVK"]
[SourceTitle "EXT 2010"]
[Source "ChessBase"]
[SourceDate "2010.11.25"]
[SourceVersion "1"]
[SourceVersionDate "2010.11.25"]
[SourceQuality "1"]
[WhiteTeam "Jelsava Magnezit"]
[BlackTeam "Dolny Kubin"]
[WhiteTeamCountry "SVK"]
[BlackTeamCountry "SVK"]

1. e4 Nc6 2. Nf3 e5 3. Bb5 a6 4. Ba4 f5 5. d3 fxe4 6. dxe4 Nf6 7. Nbd2 Bc5 8. c3 d6 9. b4 Ba7 10. Bb3 Qe7 11. 0-0 Bg4 12. Qc2 0-0-0 13. a4 d5 14. b5 Nb8 15. Ba3 Bc5 16. Bxc5 Qxc5 17. Nxe5 Rhf8 18. Nxg4 Nxg4 19. Nf3 Qd6 20. h3 Rxf3 21. hxg4 Rf4 22. Rad1 Rxg4 23. Rxd5 Qg6 24. Rxd8+ Kxd8 25. f3 Qb6+ 26. Qf2 Rg6 27. Qxb6 Rxb6 28. c4 c6 29. c5 1-0

[Event "SVK-chT2C 0708"]
[Site "Slovakia"]
[Date "2008.03.14"]
[Round "11.4"]
[White "Huba, Milan"]
[Black "Senko, Emil"]
[Result "1-0"]
[WhiteElo "1961"]
[BlackElo "1956"]
[PlyCount "77"]
[EventDate "2007.10.06"]
[EventType "team-tourn"]
[EventRounds "11"]
[EventCountry "SVK"]
[SourceTitle "EXT 2010"]
[Source "ChessBase"]
[SourceDate "2010.11.25"]
[SourceVersion "1"]
[SourceVersionDate "2010.11.25"]
[SourceQuality "1"]
[WhiteTeam "Dolny Kubin"]
[BlackTeam "Zvolen Slavia"]
[WhiteTeamCountry "SVK"]
[BlackTeamCountry "SVK"]

1. Nc3 f5 2. e4 fxe4 3. d3 Nf6 4. dxe4 Nc6 5. Bb5 d6 6. Bxc6+ bxc6 7. e5 Ng4 8. Nf3 g6 9. Bf4 Bg7 10. Qe2 Bb7 11. Ng5 Bc8 12. Qc4 Nh6 13. Qxc6+ Bd7 14. Qe4 Bf5 15. Qc6+ Bd7 16. Qe4 Bf5 17. Qe2 0-0 18. 0-0 d5 19. Bg3 c6 20. h3 Rb8 21. b3 Bc8 22. Na4 e6 23. Nf3 Nf5 24. Bh2 Bh6 25. Rad1 Qb6 26. Qe1 Qc7 27. Qc3 Rb5 28. Nc5 Qb6 29. Nd3 c5 30. Bf4 Bxf4 31. Nxf4 d4 32. Qd2 Ra5 33. a4 Ne7 34. Rfe1 h6 35. Nxg6 Nxg6 36. Qxh6 Nh8 37. Re4 Qd8 38. Ng5 Qe7 39. Rg4 1-0

[Event "SVK-chT2C 0708"]
[Site "Slovakia"]
[Date "2008.03.08"]
[Round "10.4"]
[White "Lasota, Peter"]
[Black "Huba, Milan"]
[Result "1/2-1/2"]
[WhiteElo "1671"]
[BlackElo "1961"]
[PlyCount "68"]
[EventDate "2007.10.06"]
[EventType "team-tourn"]
[EventRounds "11"]
[EventCountry "SVK"]
[SourceTitle "EXT 2010"]
[Source "ChessBase"]
[SourceDate "2010.11.25"]
[SourceVersion "1"]
[SourceVersionDate "2010.11.25"]
[SourceQuality "1"]
[WhiteTeam "Banska Bystrica Kurta"]
[BlackTeam "Dolny Kubin"]
[WhiteTeamCountry "SVK"]
[BlackTeamCountry "SVK"]

1. e4 Nc6 2. Nf3 e5 3. Bb5 a6 4. Ba4 f5 5. d3 fxe4 6. dxe4 Nf6 7. Nc3 b5 8. Bb3 Bb4 9. a3 Bxc3+ 10. bxc3 Qe7 11. Qd3 Bb7 12. Bg5 Na5 13. Bxf6 gxf6 14. 0-0 c5 15. c4 bxc4 16. Bxc4 Nxc4 17. Qxc4 f5 18. Nd2 fxe4 19. Nxe4 d5 20. Qa4+ Kf8 21. Ng3 h5 22. Qb3 d4 23. Rab1 Rb8 24. Rfe1 h4 25. Ne4 Rg8 26. Qf3+ Kg7 27. Qg4+ Kf7 28. Qf5+ Kg7 29. Qg4+ Kh7 30. Qh5+ Kg7 31. Qg4+ Kh8 32. Qh5+ Kg7 33. Qg4+ Kf7 34. Qf5+ Kg7 1/2-1/2

[Event "SVK-chT2C 0708"]
[Site "Slovakia"]
[Date "2008.02.03"]
[Round "9.6"]
[White "Huba, Milan"]
[Black "Kollar, Vladimir"]
[Result "0-1"]
[WhiteElo "1961"]
[BlackElo "2025"]
[PlyCount "88"]
[EventDate "2007.10.06"]
[EventType "team-tourn"]
[EventRounds "11"]
[EventCountry "SVK"]
[SourceTitle "EXT 2010"]
[Source "ChessBase"]
[SourceDate "2010.11.25"]
[SourceVersion "1"]
[SourceVersionDate "2010.11.25"]
[SourceQuality "1"]
[WhiteTeam "Dolny Kubin"]
[BlackTeam "Zilina Central"]
[WhiteTeamCountry "SVK"]
[BlackTeamCountry "SVK"]

1. Nc3 d5 2. e4 e6 3. Nf3 dxe4 4. Nxe4 Nd7 5. d4 Ngf6 6. Nxf6+ Nxf6 7. Bd3 Be7 8. 0-0 0-0 9. c3 b6 10. b3 Bb7 11. Bf4 c5 12. dxc5 Bxc5 13. Qe2 h6 14. Rad1 Qc8 15. Rd2 Rd8 16. Rfd1 Be7 17. Nd4 Bd6 18. Nxe6 Qxe6 19. Qxe6 fxe6 20. Bxd6 Rxd6 21. Bh7+ Kxh7 22. Rxd6 Bd5 23. a4 Ne4 24. Rd7 Nc5 25. Rc7 Bxb3 26. Rd4 a5 27. Rd6 Nxa4 28. c4 Re8 29. Rdd7 Rg8 30. Re7 e5 31. Re6 b5 32. Rxe5 bxc4 33. Re2 Nb6 34. Re5 a4 35. f4 Rc8 36. Rxc8 Nxc8 37. Kf2 Nd6 38. Ke2 c3 39. Kd3 Nc4 40. Re7 a3 41. Ra7 a2 42. f5 Kg8 43. g4 Nb6 44. Ra3 Bc4+ 0-1

[Event "SVK-chT2C 0607"]
[Site "Slovakia"]
[Date "2007.03.18"]
[Round "11.3"]
[White "Chyla, Jiri"]
[Black "Huba, Milan"]
[Result "1-0"]
[WhiteElo "1937"]
[BlackElo "1934"]
[PlyCount "81"]
[EventDate "2006.10.14"]
[EventType "team-tourn"]
[EventRounds "11"]
[EventCountry "SVK"]
[SourceTitle "EXT 2019"]
[Source "ChessBase"]
[SourceDate "2018.10.10"]
[SourceVersion "1"]
[SourceVersionDate "2018.10.10"]
[SourceQuality "1"]
[WhiteTeam "Jelsava Magnezit"]
[BlackTeam "Dolny Kubin"]
[WhiteTeamCountry "SVK"]
[BlackTeamCountry "SVK"]

1. d4 Nf6 2. c4 Nc6 3. Nf3 e6 4. Nc3 Bb4 5. Bd2 0-0 6. e3 d6 7. a3 Bxc3 8. Bxc3 Ne4 9. Qc2 Nxc3 10. Qxc3 Qf6 11. Bd3 e5 12. dxe5 dxe5 13. 0-0 Re8 14. Be4 Bf5 15. Bxc6 bxc6 16. Rfe1 Bg4 17. Nd2 Qg6 18. e4 Qd6 19. Nf1 c5 20. Ne3 Bh5 21. Nf5 Qb6 22. b4 cxb4 23. axb4 Rab8 24. b5 Qc5 25. Ra3 Re6 26. Rea1 Rd8 27. Ne3 Qd4 28. Qc2 Ra8 29. c5 h6 30. Ra4 Qd8 31. Rxa7 Rc8 32. Qc4 Kh7 33. Qd5 Qe8 34. Qc4 f6 35. Nf5 Bf7 36. Qa4 g6 37. Ne3 Qf8 38. Rc1 Be8 39. Nd5 Qg7 40. Qa5 Bf7 41. Rxc7 1-0

[Event "SVK-chT2C 0607"]
[Site "Slovakia"]
[Date "2006.11.26"]
[Round "4.1"]
[White "Sustek, Vladimir"]
[Black "Huba, Milan"]
[Result "1-0"]
[WhiteElo "2009"]
[BlackElo "1934"]
[PlyCount "91"]
[EventDate "2006.10.14"]
[EventType "team-tourn"]
[EventRounds "11"]
[EventCountry "SVK"]
[SourceTitle "EXT 2008"]
[Source "ChessBase"]
[SourceDate "2007.11.25"]
[SourceVersion "1"]
[SourceVersionDate "2007.11.25"]
[SourceQuality "1"]
[WhiteTeam "Zilina Central"]
[BlackTeam "Dolny Kubin"]
[WhiteTeamCountry "SVK"]
[BlackTeamCountry "SVK"]

1. d4 Nf6 2. Nf3 e6 3. Bg5 Nc6 4. e3 b6 5. Be2 Bb7 6. 0-0 h6 7. Bh4 Ne7 8. Bd3 Nf5 9. Bxf6 Qxf6 10. Nbd2 g5 11. c3 g4 12. Ne1 h5 13. e4 Nh4 14. Qe2 Bh6 15. f4 0-0-0 16. e5 Qg7 17. Be4 f6 18. Bxb7+ Kxb7 19. Ne4 fxe5 20. dxe5 d6 21. Nd3 dxe5 22. Ndc5+ bxc5 23. Qb5+ Kc8 24. Nxc5 c6 25. Qa6+ Kb8 26. Qxc6 a6 27. Qb6+ Ka8 28. Qxa6+ Kb8 29. Qb6+ Ka8 30. Qa6+ Kb8 31. Rad1 Bxf4 32. Qb6+ Kc8 33. Nxe6 Qe7 34. Nxd8 Rxd8 35. Qa6+ Kb8 36. Qb5+ Kc7 37. Qc4+ Kb6 38. Rxd8 Qxd8 39. Qb3+ Kc6 40. Qc4+ Kb7 41. Qb3+ Kc6 42. Qa4+ Kb7 43. Rd1 Qb6+ 44. Kh1 g3 45. Rd7+ Kc8 46. Rf7 1-0